=LDR 00000nam 2200000 4500 =001 INLIS000000000001185 =005 20130612085608 =008 ***********************************Ind** =035 ##$$0010-061300000001185 =041 ##$$a Ind =082 ##$$a 530.07 =090 ##$$a 530.07, Kam-p =100 ##$$a KAMAJAYA =245 ##$$a Penuntun belajar fisika untuk SLTP, berdasarkan kurikulum baru GBPP 1994 =260 ##$$a 1995 $b Bandung =300 ##$$a ...jil, ilus, 21 cm =650 ##$$a Fisika =650 ##$$a Studi dan Pengajaran =850 ##$$a NBPNMAT